Emma Thompson Filmography - Statistics

General Stats
  • This quiz has been taken 304 times
    42 since last reset
  • The average score is 30 of 147
Answer Stats
Type Year Name % Correct
Film 2005 Nanny McPhee
83%
Film 2003 Love Actually
79%
Film 1995 Sense and Sensibility
71%
Film 1992 Howards End
67%
Film 2007 Harry Potter and the Order of the Phoenix
63%
Film 2021 Cruella
58%
Film 2004 Harry Potter and the Prisoner of Azkaban
58%
Film 2010 Nanny McPhee and the Big Bang
58%
Film 2011 Harry Potter and the Deathly Hallows - Part 2
50%
Film 1993 Much Ado About Nothing
50%
TV Show 2019 Saturday Night Live
50%
Film 1993 The Remains of the Day
50%
Film 2022 Good Luck to You, Leo Grande
42%
TV Mini-Series 2003 Angels in America
38%
Film 2017 Beauty and the Beast
38%
Film 2012 Brave
38%
Film 2016 Bridget Jones's Baby
38%
Film 1994 Junior
38%
Film 2019 Last Christmas
38%
Film 2012 Men in Black 3
38%
Film 2006 Stranger than Fiction
38%
Theater 1990 A Midsummer Night's Dream
33%
Film 2008 Brideshead Revisited
33%
Film 1993 In the Name of the Father
33%
Theater 1990 King Lear
33%
TV Film 2018 King Lear
33%
Film 2022 Roald Dahl's Matilda the Musical
33%
Film 2013 Saving Mr. Banks
33%
Film 2025 Bridget Jones: Mad About the Boy
29%
Film 2020 Dolittle
29%
Web Series 2025 Down Cemetery Road
29%
Film 1989 Henry V
29%
Film 2008 Last Chance Harvey
29%
Film 2019 Late Night
29%
TV Film 2001 Wit
29%
Film 2009 An Education
25%
Film 2015 A Walk in the Woods
25%
Film 2015 Burnt
25%
Film 1995 Carrington
25%
TV Show 1997 Ellen
25%
Film 2007 I Am Legend
25%
Film 2018 Johnny English Strikes Again
25%
Film 2019 Men in Black: International
25%
Film 1992 Peter's Friends
25%
Film 1998 Primary Colors
25%
Theater 2014-2015 Sweeney Todd: The Demon Barber of Fleet Street
25%
Film 2017 The Meyerowitz Stories (New and Selected)
25%
Film 2002 Treasure Planet
25%
TV Mini-Series 2019 Years and Years
25%
Film 2016 Alone in Berlin
21%
TV Show 1992 Cheers
21%
Film 2014 Effie Gray
21%
Film 2019 How to Build a Girl
21%
Film 2017 The Children Act
21%
Film 2013 The Love Punch
21%
Film 1989 The Tall Guy
21%
TV Show 1984 The Young Ones
21%
TV Show 1988 Thompson
21%
TV Show 1983-1984 Alfresco
17%
Film 1991 Dead Again
17%
Film 2025 Dead of Winter
17%
TV Mini-Series 1987 Fortunes of War
17%
Film 1991 Impromptu
17%
Film 1998 Judas Kiss
17%
Film 2000 Maybe Baby
17%
Film 2019 Missing Link
17%
TV Show 2009 QI
17%
Film 2009 The Boat That Rocked
17%
TV Show 2017 Upstart Crow
17%
TV Special 2021 An Audience with Adele
13%
Film 2013 Beautiful Creatures
13%
TV Special 1989, 2007, 2004 Comic Relief
13%
Short Film 2019 Extinction
13%
Film TBA Hear Me Roar
13%
TV Film 1997 Hospital!
13%
Film 2003 Imagining Argentina
13%
TV Film 1990 Knuckle
13%
TV Film 1989 Look Back in Anger
13%
Theater 1989 Look Back in Anger
13%
Film 2014 Men, Women & Children
13%
Theater 1982 Not the Nine O'Clock News
13%
TV Show 2012 Playhouse Presents
13%
TV Special 2016 Red Nose Day
13%
Documentary 2017 Sea Sorrow
13%
TV Special 2020 Sport Relief
13%
TV Film 1994 The Blue Boy
13%
TV Show 1984 The Comic Strip Presents...
13%
Short Documentary 2016 The Doubt Machine: Inside the Koch Brothers' War on Climate Science
13%
Film 2015 The Legend of Barney Thomson
13%
TV Show 1982 There's Nothing to Worry About!
13%
TV Film 2010 The Song of Lunch
13%
TV Film 1990 The Winslow Boy
13%
Film 1997 The Winter Guest
13%
TV Mini-Series 1987 Tutti Frutti
13%
Short Film 2021 Twelve Nights
13%
Film 2022 What's Love Got to Do with It?
13%
Web Mini-Series 2022 Why Didn't They Ask Evans?
13%
Documentary Series 1992 60 Minutes
8%
TV Special 2010 AFI Life Achievement Award: A Tribute to Mike Nichols
8%
TV Documentary 2002 Anthony Hopkins: A Taste for Hannibal
8%
Documentary 2018 Beyond Boundaries: The Harvey Weinstein Scandal
8%
Theater 1982 Beyond the Footlights
8%
Documentary Series 2007 Biography
8%
Documentary Mini-Series 1998 Bravo Profiles: The Entertainment Business
8%
TV Special 1982 Cambridge Footlights Revue
8%
Short Film 2019 Dolittle - Auditions
8%
Stand-Up Special 1985 Emma Thompson: Up for Grabs
8%
TV Show 1979, 1980 Friday Night, Saturday Morning
8%
TV Special 2010 Fry and Laurie Reunited
8%
Short Film 2018 Greenpeace: There's a Rang-Tan in My Bedroom
8%
TV Special 2007 Happy Birthday Elton! From Madison Square Garden, New York
8%
TV Show 2013 High Road
8%
Music Video 1987 It's All in the Game
8%
Documentary TBA James Ivory: In Search of Love and Beauty
8%
Documentary 1998 Junket Whore
8%
TV Show 2014 Live from Lincoln Center
8%
Short Film 2015 Love Song
8%
Film 1988 Managing Problem People. Behavioral Skills for Leaders
8%
TV Documentary 2020 Marcus Rashford: Feeding Britain's Children
8%
Theater 1984-1985 Me and My Girl
8%
Documentary 2023 Merchant Ivory
8%
Short Film 2015 Sainsbury's: Mog's Christmas Calamity
8%
Documentary Series 2012 Shakespeare in Italy
8%
Theater 1984 Short Vehicle
8%
TV Show 1993 Space Ghost Coast to Coast
8%
TV Documentary 2007 Stephen Fry: 50 Not Out
8%
TV Show 2020, 2021 Strictly Come Dancing
8%
TV Show 1989 Theatre Night
8%
TV Show 1981 The Don Lane Show
8%
TV Documentary 2007 The Hidden Secrets of Harry Potter
8%
Short Film 2009 The Journey
8%
Documentary 2018 The Reckoning: Hollywood's Worst Kept Secret
8%
TV Show 1991 The Tonight Show Starring Johnny Carson
8%
Short Documentary 2010 Thompson and the Magic Roundabout
8%
Film 2026 Three Bags Full: A Sheep Detective Movie
8%
Documentary Series 2005 Timeshift
8%
Documentary 2016 To the Ends of the Earth
8%
Documentary Mini-Series 2024 Ukraine on Fire 2
8%
TV Show 1996 Very Important Pennis
8%
TV Show 2010 Wanna Bet?
8%
TV Special 2001 We Know Where You Live. Live!
8%
TV Special 1985 A Royal Night of One Hundred Stars
4%
TV Show 1985 Assaulted Nuts
4%
TV Special 1983 Six Fifty-Five Special
4%
TV Short 1982 The Crystal Cube
4%
TV Special 1984 The Royal Variety Performance
4%
TV Show 1985 The Val Doonican Music Show
4%
No matching quizzes found
Score Distribution
Percent of People with Each Score
Percentile by Number Answered
Your Score History
You have not taken this quiz since the last reset